| 000 | 00816nam a2200253 a 4500 | ||
|---|---|---|---|
| 001 | 64252 | ||
| 003 | BD-RjUL | ||
| 005 | 20211209081303.0 | ||
| 008 | 170212s1954 enk b 001 0 eng | ||
| 035 | _a(BD-RjUL)64382 | ||
| 040 |
_aDLC _cDLC _dBD-RjUL _beng |
||
| 041 | _aeng | ||
| 082 |
_223 _a940.53 _bJOJ 1954 |
||
| 100 | 1 |
_aJones, Francis Clifford. _9190815 |
|
| 245 | 1 | 0 |
_aJapan's new order in east Asia : _bits rise and fall, 1937-45 / _cFrancis Clifford Jones |
| 260 |
_aLondon : _bOxford University Press, _c1954. |
||
| 300 |
_axii, 498 p. ; _c23 cm. |
||
| 504 | _aIncludes index and bibliography | ||
| 650 | 0 |
_aWorld politics _y1933-1945. _9190816 |
|
| 651 | 0 |
_aJapan _xForeign relations _y1912-1945. _9190817 |
|
| 651 | 0 |
_aAsia _xPolitics and government. _9172876 |
|
| 942 |
_2ddc _cBK |
||
| 999 |
_c64252 _d64252 |
||